Breve historia universal (hasta el año 2000)

Uloženo v:
Podrobná bibliografie
Hlavní autor: Krebs Wilckens, Ricardo (autor)
Médium: Kniha
Jazyk:španělština
Vydáno: Santiago, Chile: Universitaria 2006
Vydání:Vigésima quinta edición.
Edice:El Saber y la Cultura
Témata:
Tagy: Přidat tag
Žádné tagy, Buďte první, kdo vytvoří štítek k tomuto záznamu!

MARC

LEADER 00000cam a2200000 a 4500
001 UCI4751
003 CL-VaPUC
005 20250416120622.0
008 080229e20060000CL |||||||||||||||||spa|d
999 |c 328597  |d 328595 
020 |a 9561119021 
040 |c Pontificia Universidad Católica de Valparaíso 
082 0 4 |a 909 KRE 2006  |2 21 
100 1 |a Krebs Wilckens, Ricardo  |e autor  |9 588021 
245 1 0 |a Breve historia universal (hasta el año 2000) 
250 |a Vigésima quinta edición. 
260 |a Santiago, Chile:  |b Universitaria  |c 2006 
300 |a 521 páginas 
490 0 |a El Saber y la Cultura 
583 |a last modification  |c 20120320 01:15:33  |k Rodrigo Vera 
650 0 |a Historia universal  |9 266877 
942 |c BK  |2 ddc 
945 |d 20080229 00:00:00  |a jtorresc 
952 |0 0  |1 0  |4 0  |6 909_000000000000000_KRE_2006  |7 0  |8 A  |9 412576  |a BIBDER  |b BIBDER  |d 2019-11-22  |i 4409701  |o 909 KRE 2006  |p 4409701  |r 2023-01-25  |w 2019-11-22  |y BK  |k DER 
952 |0 0  |1 0  |4 0  |6 909_000000000000000_KRE_2006  |7 0  |8 A  |9 412577  |a BIBDER  |b BIBDER  |d 2019-11-22  |i 440971K  |o 909 KRE 2006  |p 440971K  |r 2023-01-25  |w 2019-11-22  |y BK  |k DER 
952 |0 0  |1 0  |4 0  |6 909_000000000000000_KRE_2006  |7 0  |8 A  |9 412578  |a BIBDER  |b BIBDER  |d 2019-11-22  |i 4415302  |o 909 KRE 2006  |p 4415302  |r 2023-01-25  |w 2019-11-22  |y BK  |k DER 
952 |0 0  |1 0  |4 0  |6 909_000000000000000_KRE_2006  |7 0  |8 A  |9 412579  |a BIBDER  |b BIBDER  |d 2019-11-22  |i 4415264  |o 909 KRE 2006  |p 4415264  |r 2023-01-25  |w 2019-11-22  |y BK  |k DER 
952 |0 0  |1 0  |4 0  |6 909_000000000000000_KRE_2006  |7 0  |8 A  |9 412580  |a BIBDER  |b BIBDER  |d 2019-11-22  |i 4415256  |o 909 KRE 2006  |p 4415256  |r 2023-01-25  |w 2019-11-22  |y BK  |k DER 
952 |0 0  |1 0  |4 0  |6 909_000000000000000_KRE_2006  |7 0  |8 A  |9 412581  |a BIBDER  |b BIBDER  |d 2019-11-22  |i 4415248  |o 909 KRE 2006  |p 4415248  |r 2023-01-25  |w 2019-11-22  |y BK  |k DER 
952 |0 0  |1 0  |4 0  |6 909_000000000000000_KRE_2006  |7 0  |8 A  |9 412582  |a BIBDER  |b BIBDER  |d 2019-11-22  |i 441523K  |o 909 KRE 2006  |p 441523K  |r 2023-01-25  |w 2019-11-22  |y BK  |k DER 
952 |0 0  |1 0  |4 0  |6 909_000000000000000_KRE_2006  |7 0  |8 A  |9 412583  |a BIBDER  |b BIBDER  |d 2019-11-22  |i 4415221  |o 909 KRE 2006  |p 4415221  |r 2023-01-25  |w 2019-11-22  |y BK  |k DER 
952 |0 0  |1 0  |4 0  |6 909_000000000000000_KRE_2006  |7 0  |8 A  |9 412584  |a BIBDER  |b BIBDER  |d 2019-11-22  |i 4415299  |o 909 KRE 2006  |p 4415299  |r 2023-01-25  |w 2019-11-22  |y BK  |k DER 
952 |0 0  |1 0  |4 0  |6 909_000000000000000_KRE_2006  |7 0  |8 A  |9 412585  |a BIBDER  |b BIBDER  |d 2019-11-22  |i 4415280  |o 909 KRE 2006  |p 4415280  |r 2023-01-25  |w 2019-11-22  |y BK  |k DER 
952 |0 0  |1 0  |4 0  |6 909_000000000000000_KRE_2006  |7 0  |8 A  |9 412586  |a BIBDER  |b BIBDER  |d 2019-11-22  |i 4415272  |o 909 KRE 2006  |p 4415272  |r 2023-01-25  |w 2019-11-22  |y BK  |k DER 
952 |0 0  |1 0  |4 0  |6 909_000000000000000_KRE_2006  |7 0  |8 A  |9 412587  |a BIBDER  |b BIBDER  |d 2019-11-22  |i 4415329  |o 909 KRE 2006  |p 4415329  |r 2023-01-25  |w 2019-11-22  |y BK  |k DER 
952 |0 0  |1 0  |4 0  |6 909_000000000000000_KRE_2006  |7 0  |8 A  |9 412588  |a BIBDER  |b BIBDER  |d 2019-11-22  |i 4415337  |o 909 KRE 2006  |p 4415337  |r 2023-01-25  |w 2019-11-22  |y BK  |k DER 
952 |0 0  |1 0  |4 0  |6 909_000000000000000_KRE_2006  |7 0  |8 A  |9 412589  |a BIBDER  |b BIBDER  |d 2019-11-22  |i 4415345  |o 909 KRE 2006  |p 4415345  |r 2023-01-25  |w 2019-11-22  |y BK  |k DER 
952 |0 0  |1 0  |4 0  |6 909_000000000000000_KRE_2006  |7 0  |8 A  |9 412590  |a BIBDER  |b BIBDER  |d 2019-11-22  |i 4415310  |o 909 KRE 2006  |p 4415310  |r 2023-01-25  |w 2019-11-22  |y BK  |k DER